Wszystkie Kluby Piłkarskie z Londynu - Statystyki

Ogólne statystyki
  • Ten quiz został rozwiązany 438 razy
    411 od ostatniego zresetowania
  • Średni wynik to 6 z 12
Statystyki odpowiedzi
Liga Odpowiedź % Poprawnych
Premier League Arsenal
98%
Premier League Chelsea
97%
Premier League Tottenham
90%
Premier League West Ham
78%
Premier League Crystal Palace
55%
Championship Fulham
51%
Championship Brentford
30%
Championship Millwall
29%
Championship QPR
29%
Football League Two Leyton Orient
10%
Football League One AFC Wimbledon
9%
Championship Charlton Athletic
9%
Nie znaleziono quizów pasujących do podanych kryteriów
Rozkład punktacji
Procent ludzi z każdym wynikiem
Percentyl według liczby udzielonych odpowiedzi
Twoja historia wyników
Nie rozwiązałeś tego quizu od ostatniego zresetowania